[Event "Cracovia 2008 op A"]
[Site "Krakow"]
[Date "2009.01.03"]
[Round "8.58"]
[White "Motor, Marta"]
[Black "Sliwerski, Radoslaw"]
[Result "1/2-1/2"]
[WhiteElo "2065"]
[BlackElo "2120"]
[PlyCount "103"]
[EventDate "2008.??.??"]

1. e4 c5 2. Nf3 d6 3. d4 cxd4 4. Nxd4 Nf6 5. Nc3 a6 6. Be3 e5 7. Nb3 Be6 8. Be2
Be7 9. O-O O-O 10. Kh1 Nbd7 11. f4 Qc7 12. f5 Bc4 13. g4 h6 14. h4 Nh7 15. Bxc4
Qxc4 16. Nd2 Qc6 17. g5 hxg5 18. Nd5 Rfe8 19. Nxe7+ Rxe7 20. hxg5 d5 21. Qh5 d4
22. f6 Re6 23. Bg1 Qxc2 24. Rf2 g6 25. Qh6 Ndxf6 26. gxf6 Nxf6 27. Rh2 Nh5 28.
Rf1 Rf8 29. Rf3 Qd1 30. Qg5 Kh7 31. Qg4 f5 32. Qg5 f4 33. Rfh3 Rh8 34. Rg2 Kg7
35. Kh2 b5 36. Nb3 f3 37. Rxh5 fxg2 38. Rxh8 Kxh8 39. Qd8+ Kg7 40. Qd7+ Kf6 41.
Nxd4 Qh5+ 42. Kxg2 Qg4+ 43. Kh2 Qh4+ 44. Kg2 Qxe4+ 45. Nf3 Qg4+ 46. Kf2 e4 47.
Qd4+ Ke7 48. Qg7+ Ke8 49. Qh8+ Ke7 50. Qg7+ Ke8 51. Qh8+ Ke7 52. Qg7+ 1/2-1/2

[Event "Cracovia 2008 op A"]
[Site "Krakow"]
[Date "2009.01.03"]
[Round "8.59"]
[White "Pipala, Janusz"]
[Black "Ogonowska, Katarzyna"]
[Result "1/2-1/2"]
[WhiteElo "2086"]
[BlackElo "1880"]
[PlyCount "95"]
[EventDate "2008.??.??"]

1. Nf3 g6 2. c4 Bg7 3. g3 f5 4. d4 Nf6 5. Bg2 O-O 6. O-O d6 7. Nc3 c6 8. Re1
Nbd7 9. Ng5 Nb6 10. d5 Qe8 11. Qd3 h6 12. Nh3 Bd7 13. a4 e5 14. b3 e4 15. Qd2
cxd5 16. a5 d4 17. Nd1 Nc8 18. Bb2 Ng4 19. Bxd4 Bxd4 20. Qxd4 Qe5 21. e3 Ne7
22. Nf4 g5 23. Ne2 Nc6 24. Qxe5 dxe5 25. Nec3 Nb4 26. Re2 Nf6 27. Nb2 Bc6 28.
Rd1 Nd7 29. Nd5 Bxd5 30. cxd5 Nc5 31. Nc4 Ncd3 32. Red2 g4 33. Bf1 Rfd8 34. d6
Rac8 35. Kg2 Kg7 36. Be2 Rc6 37. Ra1 Rd7 38. Bxd3 Nxd3 39. Rxd3 exd3 40. Nxe5
Rcxd6 41. Nxd7 Rxd7 42. Rd1 Kf6 43. h3 h5 44. hxg4 hxg4 45. f4 gxf3+ 46. Kxf3
Ke5 47. Rd2 Rd5 48. Rd1 1/2-1/2

[Event "Cracovia 2008 op A"]
[Site "Krakow"]
[Date "2009.01.04"]
[Round "9.1"]
[White "Gajewski, Grzegorz"]
[Black "Shishkin, Vadim"]
[Result "1/2-1/2"]
[WhiteElo "2577"]
[BlackElo "2502"]
[PlyCount "21"]
[EventDate "2008.??.??"]

1. d4 Nf6 2. c4 g6 3. Nc3 d5 4. cxd5 Nxd5 5. e4 Nxc3 6. bxc3 Bg7 7. Bc4 O-O 8.
Ne2 c5 9. O-O Nc6 10. Be3 Bd7 11. Rb1 1/2-1/2

[Event "Cracovia 2008 op A"]
[Site "Krakow"]
[Date "2009.01.04"]
[Round "9.3"]
[White "Motyka, Michal"]
[Black "Swiercz, Dariusz"]
[Result "0-1"]
[WhiteElo "2359"]
[BlackElo "2478"]
[PlyCount "96"]
[EventDate "2008.??.??"]

1. e4 c5 2. Nf3 d6 3. c3 Nf6 4. h3 g6 5. Bd3 Bg7 6. Bc2 O-O 7. d4 Qc7 8. O-O
Nbd7 9. Re1 e5 10. dxe5 dxe5 11. a4 Rd8 12. Na3 Nf8 13. Qe2 Nh5 14. Bb3 Ne6 15.
g3 h6 16. Nc4 Nf8 17. Kh2 Be6 18. Qc2 b6 19. Ne3 c4 20. Ba2 a6 21. Qe2 b5 22.
Bb1 Nd7 23. b4 cxb3 24. axb5 axb5 25. Rxa8 Rxa8 26. Nd5 Qb7 27. Bb2 Nhf6 28.
Ne3 Nxe4 29. c4 b4 30. Nd1 f5 31. g4 Nc3 32. Nxc3 bxc3 33. Bxc3 fxg4 34. hxg4
Rf8 35. Be4 Qb6 36. Rg1 Nf6 37. Bxg6 Nxg4+ 38. Kg2 Kh8 39. Be4 Rf4 40. Bd2 Rf8
41. Be3 Nxe3+ 42. fxe3 Bg4 43. Kh1 h5 44. Rf1 b2 45. Rb1 Qf6 46. Kg2 h4 47. c5
Bxf3+ 48. Bxf3 Qg6+ 0-1

[Event "Cracovia 2008 op A"]
[Site "Krakow"]
[Date "2009.01.04"]
[Round "9.4"]
[White "Czerwonski, Aleksander"]
[Black "Nurkiewicz, Maciej"]
[Result "0-1"]
[WhiteElo "2391"]
[BlackElo "2379"]
[PlyCount "52"]
[EventDate "2008.??.??"]

1. d4 d5 2. c4 dxc4 3. Nf3 Nf6 4. e3 e6 5. Bxc4 c5 6. O-O a6 7. a4 Nc6 8. Qe2
Qc7 9. Nc3 Be7 10. dxc5 Bxc5 11. e4 Ng4 12. g3 Nce5 13. Nxe5 Nxe5 14. Bf4 g5
15. Bxe5 Qxe5 16. Kg2 Bd7 17. f4 gxf4 18. Rxf4 h5 19. Raf1 h4 20. g4 h3+ 21.
Kh1 Rh7 22. Qc2 Bc6 23. Ne2 Be3 24. Bd3 Bxf4 25. Nxf4 O-O-O 26. Kg1 Rg7 0-1

[Event "Cracovia 2008 op A"]
[Site "Krakow"]
[Date "2009.01.04"]
[Round "9.5"]
[White "Bulski, Krzysztof"]
[Black "Orzech, Dominik"]
[Result "0-1"]
[WhiteElo "2392"]
[BlackElo "2462"]
[PlyCount "78"]
[EventDate "2008.??.??"]

1. e4 Nf6 2. e5 Nd5 3. d4 d6 4. c4 Nb6 5. exd6 cxd6 6. Nc3 g6 7. Be3 Bg7 8. Rc1
O-O 9. Nf3 Bg4 10. Be2 Nc6 11. b3 d5 12. c5 Nc8 13. O-O e6 14. Ne1 Bxe2 15.
Nxe2 N8e7 16. Ng3 Qa5 17. Rc2 Rfc8 18. Nf3 b6 19. Qc1 bxc5 20. dxc5 Nb4 21. Bd2
Qb5 22. Bxb4 Qxb4 23. Ne1 Qb5 24. Qe3 Nc6 25. Nd3 a5 26. Ne2 Ra7 27. f4 a4 28.
Ne5 axb3 29. axb3 Qb4 30. Nc1 Ra1 31. h3 Nd4 32. Rd2 Nf5 33. Qf2 Ng3 34. Ned3
Qd4 35. Kh2 Nxf1+ 36. Qxf1 Rxc5 37. Rd1 Rc2 38. Qf3 Qe4 39. Qf1 Bb2 0-1

[Event "Cracovia 2008 op A"]
[Site "Krakow"]
[Date "2009.01.04"]
[Round "9.6"]
[White "Aliavdin, Nikolai"]
[Black "Sharapov, Evgeny"]
[Result "0-1"]
[WhiteElo "2343"]
[BlackElo "2427"]
[PlyCount "79"]
[EventDate "2008.??.??"]

1. e4 c5 2. c3 d6 3. d4 Nf6 4. Nd2 Qc7 5. Ngf3 Nbd7 6. Bd3 g6 7. O-O Bg7 8. Re1
O-O 9. d5 Ng4 10. a4 Nge5 11. Nxe5 Nxe5 12. Nc4 Nxd3 13. Qxd3 f5 14. f3 Bd7 15.
Bg5 Rae8 16. exf5 Bxf5 17. Qd2 Rf7 18. Rac1 Bd7 19. b3 b6 20. Rc2 a6 21. Ra2 b5
22. axb5 axb5 23. Na5 b4 24. cxb4 cxb4 25. Rc1 Bc3 26. Qf2 Ra8 27. Nc4 Rxa2 28.
Qxa2 Qc5+ 29. Be3 Qxd5 30. Qa7 Bb5 31. Nb6 Qc6 32. Qa8+ Qxa8 33. Nxa8 e6 34.
Nb6 d5 35. Nc8 d4 36. Nd6 dxe3 37. Nxb5 Bd2 38. Rc8+ Kg7 39. Rc1 Kf6 40. Kf1
0-1

[Event "Cracovia 2008 op A"]
[Site "Krakow"]
[Date "2009.01.04"]
[Round "9.7"]
[White "Pedersen, Nicolai Vesterbaek"]
[Black "Marszalek, Maciej"]
[Result "1/2-1/2"]
[WhiteElo "2417"]
[BlackElo "2383"]
[PlyCount "29"]
[EventDate "2008.??.??"]

1. e4 c5 2. c3 e6 3. d4 d5 4. exd5 exd5 5. Nf3 Nc6 6. Bb5 Bd6 7. dxc5 Bxc5 8.
O-O Nge7 9. Nbd2 O-O 10. Nb3 Bd6 11. Bd3 h6 12. Nfd4 Bc7 13. f4 Nxd4 14. Nxd4
Nc6 15. Nc2 1/2-1/2

[Event "Cracovia 2008 op A"]
[Site "Krakow"]
[Date "2009.01.04"]
[Round "9.8"]
[White "Hnydiuk, Aleksander"]
[Black "Paterek, Michal"]
[Result "1-0"]
[WhiteElo "2403"]
[BlackElo "2235"]
[PlyCount "51"]
[EventDate "2008.??.??"]

1. e4 c6 2. d4 d5 3. f3 e6 4. Nc3 Qb6 5. Nge2 Ne7 6. Qd3 Na6 7. a3 c5 8. dxc5
dxe4 9. Nxe4 Nxc5 10. Nxc5 Qxc5 11. Be3 Qc7 12. Nc3 a6 13. O-O-O Nf5 14. Bf2
Be7 15. g4 Nh4 16. Bg3 Qc6 17. Be2 O-O 18. f4 Ra7 19. Ne4 b5 20. Ng5 Bxg5 21.
fxg5 Rd7 22. Qe3 Ng2 23. Qf2 Rxd1+ 24. Rxd1 Bb7 25. Rd3 Qc8 26. Bf3 1-0

[Event "Cracovia 2008 op A"]
[Site "Krakow"]
[Date "2009.01.04"]
[Round "9.9"]
[White "Miroslaw, Michal"]
[Black "Malaniuk, Vladimir P"]
[Result "0-1"]
[WhiteElo "2323"]
[BlackElo "2534"]
[PlyCount "98"]
[EventDate "2008.??.??"]

1. e4 e5 2. Nf3 Nc6 3. Bb5 a6 4. Ba4 Nf6 5. O-O Bc5 6. d3 d6 7. c3 O-O 8. h3
Ba7 9. Re1 Ne7 10. Bb3 Ng6 11. d4 h6 12. dxe5 dxe5 13. Qxd8 Rxd8 14. Be3 Bxe3
15. Rxe3 Nd7 16. Rd3 Re8 17. Rd1 Nc5 18. Nbd2 Bd7 19. Ne1 Bb5 20. c4 Bc6 21.
Bc2 a5 22. f3 Nf4 23. Kf2 Nfe6 24. Nd3 Nxd3+ 25. Bxd3 Red8 26. Nf1 Bd7 27. Ne3
c6 28. Rd2 Nc5 29. Rad1 Be6 30. Bc2 Rxd2+ 31. Rxd2 Kf8 32. b3 Ke7 33. h4 h5 34.
Ke2 g6 35. Rd1 Rf8 36. g4 Rh8 37. Rh1 Bd7 38. Bd1 hxg4 39. fxg4 Nxe4 40. Kf3
Nc3 41. Rh2 Nxd1 42. Nxd1 f5 43. gxf5 gxf5 44. Nc3 Be8 45. Na4 Bh5+ 46. Ke3 Rg8
47. Rd2 Rg3+ 48. Kf2 Rf3+ 49. Kg2 e4 0-1

[Event "Cracovia 2008 op A"]
[Site "Krakow"]
[Date "2009.01.04"]
[Round "9.10"]
[White "Majdan, Joanna"]
[Black "Kanarek, Marcel"]
[Result "1/2-1/2"]
[WhiteElo "2284"]
[BlackElo "2458"]
[PlyCount "58"]
[EventDate "2008.??.??"]

1. e4 c5 2. Nf3 Nc6 3. c3 Nf6 4. e5 Nd5 5. d4 cxd4 6. Bc4 e6 7. cxd4 d6 8. exd6
Bxd6 9. O-O O-O 10. Nc3 Nxc3 11. bxc3 Qc7 12. Bd3 b6 13. Re1 g6 14. Qd2 Re8 15.
Qh6 Bf8 16. Qh4 Bg7 17. Bh6 Qd8 18. Bg5 Qd6 19. Nd2 f5 20. Bh6 e5 21. Nc4 Qd7
22. d5 Bxh6 23. Qxh6 Qxd5 24. Rad1 Be6 25. Ne3 Qc5 26. Bxf5 gxf5 27. Qg5+ Kh8
28. Qf6+ Kg8 29. Qg5+ Kh8 1/2-1/2

[Event "Cracovia 2008 op A"]
[Site "Krakow"]
[Date "2009.01.04"]
[Round "9.11"]
[White "Krzyzanowski, Marcin"]
[Black "Lubczynski, Rafal"]
[Result "1/2-1/2"]
[WhiteElo "2280"]
[BlackElo "2423"]
[PlyCount "24"]
[EventDate "2008.??.??"]

1. e4 e5 2. Nf3 Nc6 3. Bb5 a6 4. Ba4 Nf6 5. O-O b5 6. Bb3 Be7 7. Re1 d6 8. c3
O-O 9. h3 Na5 10. Bc2 c5 11. d4 Qc7 12. Nbd2 Bd7 1/2-1/2

[Event "Cracovia 2008 op A"]
[Site "Krakow"]
[Date "2009.01.04"]
[Round "9.12"]
[White "Barski, Radoslaw"]
[Black "D`Costa, Lorin A R"]
[Result "0-1"]
[WhiteElo "2143"]
[BlackElo "2411"]
[PlyCount "72"]
[EventDate "2008.??.??"]

1. e4 c5 2. Nf3 e6 3. d4 cxd4 4. Nxd4 a6 5. Nc3 Qc7 6. Bd3 Nf6 7. O-O Bc5 8.
Nb3 Be7 9. f4 d6 10. Qe2 Nc6 11. Bd2 O-O 12. Rae1 b5 13. a3 Bb7 14. Rf3 g6 15.
Rh3 Rfe8 16. Nd1 Rac8 17. Nf2 Bf8 18. Ng4 Bg7 19. Nxf6+ Bxf6 20. Qg4 Bxb2 21.
Qh4 f5 22. c3 Qe7 23. Qg3 Qg7 24. Qh4 Qf7 25. g4 fxe4 26. Bxe4 Rc7 27. Rf1 Ne7
28. Bb1 Bxa3 29. f5 exf5 30. Nd4 Bc5 31. gxf5 Nxf5 32. Bxf5 gxf5 33. Rg3+ Kh8
34. Bg5 Rf8 35. h3 Be4 36. Be3 Rg8 0-1

[Event "Cracovia 2008 op A"]
[Site "Krakow"]
[Date "2009.01.04"]
[Round "9.13"]
[White "Smola, Michal"]
[Black "Brodowski, Piotr"]
[Result "1-0"]
[WhiteElo "2204"]
[BlackElo "2401"]
[PlyCount "97"]
[EventDate "2008.??.??"]

1. e4 c5 2. Nf3 Nc6 3. Bb5 g6 4. O-O Bg7 5. c3 Nf6 6. Re1 O-O 7. Bxc6 dxc6 8.
e5 Nd5 9. d4 cxd4 10. Qxd4 Nc7 11. Qh4 Ne6 12. Bh6 b6 13. Nbd2 c5 14. Rad1 Bb7
15. Ne4 Qc7 16. Nfg5 Qxe5 17. Nxe6 fxe6 18. Ng5 Qf4 19. Qxf4 Rxf4 20. Bxg7 Rg4
21. Nxe6 Rxg2+ 22. Kf1 Rg4 23. f3 Bxf3 24. Rd3 Bb7 25. Rg3 Rh4 26. Be5 Bd5 27.
Nc7 Rf8+ 28. Kg1 Bxa2 29. Rge3 Rg4+ 30. Bg3 h5 31. h3 Rg5 32. Kh2 Rd8 33. Rxe7
Bf7 34. R1e2 Rd3 35. R7e3 Rd1 36. Rf2 c4 37. Ref3 Rd7 38. Ne8 Bxe8 39. Rf8+ Kg7
40. Rxe8 Rf5 41. Rxf5 gxf5 42. Re2 Rd3 43. Bf4 Kf6 44. Be3 h4 45. Kg2 Kf7 46.
Kf3 Rd1 47. Bg5 a5 48. Bxh4 b5 49. Bf2 1-0

[Event "Cracovia 2008 op A"]
[Site "Krakow"]
[Date "2009.01.04"]
[Round "9.14"]
[White "Rudolf, Michal"]
[Black "Wcislo, Damian"]
[Result "1/2-1/2"]
[WhiteElo "2398"]
[BlackElo "2219"]
[PlyCount "83"]
[EventDate "2008.??.??"]

1. e4 c5 2. Nf3 Nc6 3. Bb5 e6 4. Bxc6 bxc6 5. d3 Ne7 6. Qe2 Ng6 7. h4 h5 8. e5
f6 9. Qe4 Kf7 10. Na3 d5 11. exd6 Qxd6 12. Nc4 Qd5 13. Ne3 Qxe4 14. dxe4 Ba6
15. Bd2 e5 16. Ba5 Be7 17. Rd1 Nf4 18. c4 g6 19. b3 Bc8 20. g3 Ne6 21. Ke2 Nd4+
22. Nxd4 cxd4 23. Nc2 c5 24. f3 f5 25. Kd3 Bd6 26. b4 Ba6 27. Rhe1 fxe4+ 28.
fxe4 Rac8 29. Rf1+ Ke6 30. b5 Bb7 31. Rf3 Rcf8 32. Rdf1 Rxf3+ 33. Rxf3 Bc8 34.
Ne1 Ke7 35. Bd2 Rf8 36. Bg5+ Ke8 37. Rxf8+ Kxf8 38. Nf3 Bh3 39. Ng1 Bf1+ 40.
Ne2 Bc7 41. Bd2 Ke7 42. a4 1/2-1/2

[Event "Cracovia 2008 op A"]
[Site "Krakow"]
[Date "2009.01.04"]
[Round "9.15"]
[White "Bobula, Mateusz"]
[Black "Zysko, Jan"]
[Result "1/2-1/2"]
[WhiteElo "2395"]
[BlackElo "2185"]
[PlyCount "35"]
[EventDate "2008.??.??"]

1. d4 d5 2. c4 c6 3. e3 Nf6 4. Nc3 a6 5. Nf3 b5 6. b3 Bg4 7. Be2 e6 8. O-O Nbd7
9. h3 Bh5 10. Bb2 Bd6 11. Ne5 Bxe2 12. Nxe2 Qc7 13. cxd5 cxd5 14. Rc1 Qb8 15.
Qc2 O-O 16. f4 Rc8 17. Qd3 Qb7 18. Nxd7 1/2-1/2

[Event "Cracovia 2008 op A"]
[Site "Krakow"]
[Date "2009.01.04"]
[Round "9.16"]
[White "Panocki, Adrian"]
[Black "Klekowski, Maciej"]
[Result "1/2-1/2"]
[WhiteElo "2381"]
[BlackElo "2201"]
[PlyCount "36"]
[EventDate "2008.??.??"]

1. e4 c5 2. Nf3 Nc6 3. d4 cxd4 4. Nxd4 Nf6 5. Nc3 e5 6. Ndb5 d6 7. Bg5 a6 8.
Na3 b5 9. Nd5 Be7 10. Bxf6 Bxf6 11. c3 Bg5 12. Nc2 Ne7 13. h4 Bh6 14. a4 bxa4
15. Ncb4 O-O 16. Qxa4 Nxd5 17. exd5 Bd7 18. Nc6 Qf6 1/2-1/2

[Event "Cracovia 2008 op A"]
[Site "Krakow"]
[Date "2009.01.04"]
[Round "9.17"]
[White "Brzeski, Maciej"]
[Black "Stoma, Pawel"]
[Result "1-0"]
[WhiteElo "2366"]
[BlackElo "2268"]
[PlyCount "73"]
[EventDate "2008.??.??"]

1. e4 c5 2. Nf3 Nc6 3. d4 cxd4 4. Nxd4 Qc7 5. Nc3 e6 6. Be3 Nf6 7. f4 d6 8. Qf3
a6 9. O-O-O Be7 10. Rg1 Nxd4 11. Bxd4 Bd7 12. g4 e5 13. Bf2 Bc6 14. g5 Nd7 15.
f5 b5 16. a3 Qb7 17. Bh3 b4 18. axb4 Qxb4 19. f6 gxf6 20. Bxd7+ Kxd7 21. gxf6
Bf8 22. Nd5 Bxd5 23. Rxd5 Rb8 24. b3 Kc6 25. Kb2 a5 26. Be1 Qb6 27. Bf2 Qb4 28.
Ra1 a4 29. Be1 Qc4 30. Ra5 axb3 31. cxb3 Bh6 32. Ra6+ Kd7 33. Ra7+ Ke8 34. Ra8
Qb5 35. Rxb8+ Qxb8 36. Qc3 Qb7 37. Ra7 1-0

[Event "Cracovia 2008 op A"]
[Site "Krakow"]
[Date "2009.01.04"]
[Round "9.18"]
[White "Nguyen, Piotr"]
[Black "Baumann, Dariusz"]
[Result "1-0"]
[WhiteElo "2327"]
[BlackElo "2074"]
[PlyCount "87"]
[EventDate "2008.??.??"]

1. d4 d5 2. c4 e6 3. Nc3 Nf6 4. cxd5 exd5 5. Bg5 Be7 6. e3 c6 7. Bd3 O-O 8. Qc2
Nbd7 9. Nge2 Re8 10. f3 c5 11. O-O-O a6 12. Nf4 cxd4 13. exd4 h6 14. Bxf6 Nxf6
15. Qb3 Bd6 16. Nfxd5 b5 17. Nxf6+ Qxf6 18. Ne4 Bf4+ 19. Kb1 Qb6 20. g3 Be3 21.
Bc4 Be6 22. Bxe6 Qxe6 23. Qxe3 f5 24. Rhe1 fxe4 25. fxe4 Rad8 26. Qb3 Qxb3 27.
axb3 Kf7 28. Kc2 Ke6 29. Kd3 h5 30. Ra1 Rd6 31. Rf1 Red8 32. d5+ Ke7 33. Kd4 g6
34. Rac1 a5 35. Rc5 Rb6 36. e5 a4 37. Rc7+ Rd7 38. d6+ Ke8 39. Rxd7 Kxd7 40.
Kd5 axb3 41. e6+ Ke8 42. d7+ Ke7 43. Rf7+ Kd8 44. Rf8+ 1-0

[Event "Cracovia 2008 op A"]
[Site "Krakow"]
[Date "2009.01.04"]
[Round "9.19"]
[White "Rutkowski, Maciej"]
[Black "Roubalik, Jakub"]
[Result "1/2-1/2"]
[WhiteElo "2336"]
[BlackElo "2216"]
[PlyCount "61"]
[EventDate "2008.??.??"]

1. e4 c5 2. Nf3 Nc6 3. d4 cxd4 4. Nxd4 Nf6 5. Nc3 e5 6. Ndb5 d6 7. Bg5 a6 8.
Na3 b5 9. Nd5 Be7 10. Bxf6 Bxf6 11. c4 b4 12. Nc2 Rb8 13. g3 O-O 14. b3 g6 15.
h4 Bg7 16. h5 a5 17. Bh3 Bxh3 18. Rxh3 Qc8 19. Rh2 Rb7 20. Qf3 Qe6 21. Kf1 f5
22. hxg6 Qxg6 23. Qh5 fxe4 24. Qxg6 hxg6 25. Re1 Ne7 26. Nxe7+ Rxe7 27. Rxe4
Bf6 28. Rg4 Kf7 29. Ne3 Rh8 30. Rxh8 Bxh8 31. Rh4 1/2-1/2

[Event "Cracovia 2008 op A"]
[Site "Krakow"]
[Date "2009.01.04"]
[Round "9.20"]
[White "Jakubiec, Edyta"]
[Black "Ashton, Adam G"]
[Result "1/2-1/2"]
[WhiteElo "2214"]
[BlackElo "2325"]
[PlyCount "35"]
[EventDate "2008.??.??"]

1. e4 e5 2. Nf3 Nc6 3. Bc4 Nf6 4. d3 Bc5 5. Bb3 a6 6. c3 Ba7 7. h3 d6 8. Nbd2
O-O 9. Nf1 Be6 10. Ng3 h6 11. Qe2 Re8 12. O-O d5 13. Rd1 b5 14. Be3 Bxe3 15.
fxe3 Qe7 16. exd5 Nxd5 17. Qf2 Rad8 18. Bc2 1/2-1/2

[Event "Cracovia 2008 op A"]
[Site "Krakow"]
[Date "2009.01.04"]
[Round "9.21"]
[White "Markowski, Piotr"]
[Black "Brokken, Dennis"]
[Result "0-1"]
[WhiteElo "2145"]
[BlackElo "2306"]
[PlyCount "136"]
[EventDate "2008.??.??"]

1. c4 c6 2. Nf3 d5 3. b3 Nf6 4. g3 Bg4 5. Bg2 Nbd7 6. Bb2 e6 7. d3 Bd6 8. O-O
e5 9. e4 dxe4 10. dxe4 Qe7 11. Qc2 Bxf3 12. Bxf3 O-O 13. a3 a5 14. Nc3 Bc5 15.
Rfd1 Rfd8 16. Na4 Bd6 17. Be2 Nc5 18. Nc3 Ne6 19. Na4 Bc7 20. Kg2 Nd4 21. Qd3
b5 22. cxb5 cxb5 23. Nc3 Nxb3 24. Nd5 Nxd5 25. Qxb3 Nf6 26. Bxb5 Nxe4 27. Qc2
Ng5 28. Re1 Qe6 29. Bc6 Rab8 30. Bc1 Qh3+ 31. Kg1 Ne6 32. Bg2 Qg4 33. Be3 Rd7
34. Rab1 Rbd8 35. Rb7 Rd1 36. Rxd1 Rxd1+ 37. Bf1 Bd6 38. Kg2 Nd4 39. Bxd4 Rxd4
40. h3 Qe6 41. Ra7 Qd5+ 42. Kg1 g6 43. Qc3 a4 44. Bg2 Qc5 45. Ra8+ Kg7 46. Qxc5
Bxc5 47. Bc6 Rd1+ 48. Kg2 Rd2 49. Rxa4 Rxf2+ 50. Kh1 f5 51. Ra5 Bd4 52. Rd5 Rc2
53. Rd7+ Kh6 54. Bd5 Rc3 55. Kg2 Rxa3 56. Bg8 Ra7 57. Rxa7 Bxa7 58. g4 Kg7 59.
Bc4 Kf6 60. Kf3 e4+ 61. Ke2 f4 62. h4 f3+ 63. Kf1 h6 64. Bb3 g5 65. Bc2 Ke5 66.
h5 Kf4 67. Bb1 e3 68. Bd3 e2+ 0-1

[Event "Cracovia 2008 op A"]
[Site "Krakow"]
[Date "2009.01.04"]
[Round "9.22"]
[White "Andersen, Lars Even"]
[Black "Sadzikowski, Daniel"]
[Result "0-1"]
[WhiteElo "2262"]
[BlackElo "2178"]
[PlyCount "126"]
[EventDate "2008.??.??"]

1. Nf3 Nf6 2. c4 e6 3. d4 d5 4. Nc3 Bb4 5. e3 O-O 6. Bd3 c5 7. O-O cxd4 8. exd4
dxc4 9. Bxc4 b6 10. Qe2 Bb7 11. Bg5 Nbd7 12. Rfd1 Bxc3 13. bxc3 Qc7 14. Rac1
Bxf3 15. gxf3 Nd5 16. Bb5 N7f6 17. Qd2 Nh5 18. Kh1 Ndf4 19. c4 a6 20. Ba4 b5
21. Bb3 bxc4 22. Bxc4 Qd6 23. Rg1 g6 24. Rg4 Nd5 25. Rcg1 Rfc8 26. Bb3 Qb4 27.
Qe2 Qb5 28. Qd2 Qb4 29. Qe2 Qb5 30. Qe1 Qd3 31. Qe4 Qb5 32. Qe1 Ng7 33. Bh4 Nf5
34. Bg3 a5 35. Qe5 a4 36. Bd1 Qd7 37. Be2 f6 38. Qe4 Nc3 39. Qd3 Nxe2 40. Qxe2
Qd5 41. Rd1 Rc4 42. Re4 Kf7 43. Kg2 Rac8 44. Bf4 Nh4+ 45. Kg3 Nf5+ 46. Kg2 Rc2
47. Rd2 Rxd2 48. Qxd2 Rc4 49. Be3 g5 50. Qd1 Nd6 51. Qd3 Nxe4 52. fxe4 Qb5 53.
e5 f5 54. h3 h6 55. Kh2 Kg6 56. h4 Rb4 57. Qd2 Rb1 58. hxg5 Qd5 59. f4 a3 60.
Qf2 Rb2 61. Bd2 Qxa2 62. Qg3 Rxd2+ 63. Kh3 h5 0-1

[Event "Cracovia 2008 op A"]
[Site "Krakow"]
[Date "2009.01.04"]
[Round "9.23"]
[White "Ponizil, Cyril"]
[Black "Dragun, Kamil"]
[Result "0-1"]
[WhiteElo "2251"]
[BlackElo "2174"]
[PlyCount "71"]
[EventDate "2008.??.??"]

1. Nf3 c5 2. c4 Nf6 3. b3 g6 4. Bb2 Bg7 5. e3 O-O 6. Be2 Nc6 7. O-O d5 8. cxd5
Nxd5 9. Bxg7 Kxg7 10. Qc1 Qa5 11. Na3 Rd8 12. Nc4 Qc7 13. Qb2+ Nf6 14. Rac1 Be6
15. Rfd1 Rac8 16. a3 Bxc4 17. Bxc4 a6 18. h3 h6 19. Be2 Qd6 20. Qc3 Na7 21. a4
Kg8 22. Ne5 Ne4 23. Qb2 Qf6 24. Bf3 Nd6 25. Qa1 Rc7 26. d4 Rdc8 27. Bg4 Nf5 28.
Bxf5 Qxf5 29. dxc5 Nc6 30. Nxc6 Rxc6 31. b4 a5 32. e4 Qxe4 33. b5 Rf6 34. Qd4
Qf5 35. Re1 Qg5 36. Re5 0-1

[Event "Cracovia 2008 op A"]
[Site "Krakow"]
[Date "2009.01.04"]
[Round "9.24"]
[White "Galazewski, Tomasz"]
[Black "Duda, Jan-Krzysztof"]
[Result "1-0"]
[WhiteElo "2245"]
[BlackElo "2013"]
[PlyCount "77"]
[EventDate "2008.??.??"]

1. Nf3 Nf6 2. g3 d5 3. Bg2 e6 4. O-O Be7 5. d3 O-O 6. Nbd2 b6 7. b3 Bb7 8. Bb2
Nbd7 9. Re1 c5 10. e4 d4 11. Ng5 e5 12. f4 Qc7 13. Nh3 b5 14. c4 exf4 15. gxf4
b4 16. e5 Ne8 17. Bxb7 Qxb7 18. Qh5 Qc6 19. f5 Rb8 20. Nf3 g6 21. Qg4 Kh8 22.
f6 Nexf6 23. exf6 Bxf6 24. Nf4 Rbe8 25. Nd5 Bg7 26. Rad1 Nf6 27. Nxf6 Qxf6 28.
Bc1 Qa6 29. Qh4 Rxe1+ 30. Rxe1 h5 31. Qf2 Qb7 32. Re4 a5 33. Qe2 Qc6 34. Re7 a4
35. Ne5 Qa8 36. Nxf7+ Kh7 37. Ng5+ Kh8 38. Rxg7 Qc6 39. Re7 1-0

[Event "Cracovia 2008 op A"]
[Site "Krakow"]
[Date "2009.01.04"]
[Round "9.26"]
[White "Wiewiora, Eneasz"]
[Black "Kulon, Klaudia"]
[Result "1/2-1/2"]
[WhiteElo "2044"]
[BlackElo "2228"]
[PlyCount "61"]
[EventDate "2008.??.??"]

1. e4 e5 2. Nf3 Nc6 3. Bc4 Nf6 4. d4 exd4 5. O-O Bc5 6. c3 dxc3 7. e5 d5 8.
exf6 dxc4 9. Qe2+ Be6 10. fxg7 Rg8 11. Nxc3 Qd3 12. Qxd3 cxd3 13. Bg5 Be7 14.
Rad1 O-O-O 15. Bxe7 Nxe7 16. Ne5 Rxg7 17. Rxd3 Rdg8 18. Rg3 Rxg3 19. fxg3 Nf5
20. Nxf7 Bxf7 21. Rxf5 Bg6 22. Rf2 c6 23. g4 b5 24. a3 a5 25. b4 axb4 26. axb4
Rd8 27. Rf4 Rd2 28. h4 Rb2 29. h5 Bd3 30. Ne4 Kd8 31. Nf6 1/2-1/2

[Event "Cracovia 2008 op A"]
[Site "Krakow"]
[Date "2009.01.04"]
[Round "9.27"]
[White "Tyukhanov, Alexey"]
[Black "Zude, Erik"]
[Result "0-1"]
[WhiteElo "2227"]
[BlackElo "2396"]
[PlyCount "128"]
[EventDate "2008.??.??"]

1. e4 c5 2. Nf3 d6 3. Nc3 Nf6 4. Bb5+ Bd7 5. Qe2 a6 6. Bxd7+ Nfxd7 7. e5 Nxe5
8. Nxe5 dxe5 9. Qxe5 e6 10. Ne2 Nc6 11. Qc3 Rc8 12. O-O Nd4 13. Re1 Bd6 14. d3
O-O 15. Be3 Qh4 16. h3 Rfd8 17. Qd2 h6 18. Rad1 Rd7 19. c3 Nc6 20. Bf4 e5 21.
Bg3 Qf6 22. Qe3 Qe6 23. Nc1 Qg6 24. Nb3 Qe6 25. Nxc5 Bxc5 26. Qxc5 Qxa2 27. Rd2
Rd5 28. Qe3 Rcd8 29. f4 exf4 30. Qxf4 R5d7 31. Rde2 Qd5 32. d4 Qg5 33. Qf2 Qg6
34. Kh2 f6 35. Qf3 Kh7 36. Re6 Rd5 37. Bc7 R8d7 38. Bf4 Rd8 39. R1e2 R8d7 40.
g4 Rd8 41. h4 R5d7 42. Bg3 Rd5 43. Kg2 Qf7 44. R6e4 R5d7 45. Qd3 Kg8 46. Qe3
Qd5 47. Kh2 Qf7 48. Qf4 Ne7 49. Qe3 Nc6 50. Qf2 h5 51. Qe1 hxg4 52. Rxg4 Ne7
53. Qf2 Qh5 54. Qf3 Ng6 55. Rf2 Kf7 56. Re4 Qxf3 57. Rxf3 Ne7 58. Bf2 Rc8 59.
Rfe3 Rc6 60. Re1 Nd5 61. c4 Rxc4 62. Kg3 Rb4 63. R1e2 Rb3+ 64. Kg2 f5 0-1

[Event "Cracovia 2008 op A"]
[Site "Krakow"]
[Date "2009.01.04"]
[Round "9.28"]
[White "Leniart, Arkadiusz"]
[Black "Veltkamp, Gerben"]
[Result "1-0"]
[WhiteElo "2368"]
[BlackElo "2221"]
[PlyCount "133"]
[EventDate "2008.??.??"]

1. e4 e5 2. Nf3 Nc6 3. Bb5 f5 4. Nc3 Nd4 5. Bc4 Nf6 6. Nxe5 Qe7 7. Nf3 Nxf3+ 8.
gxf3 fxe4 9. fxe4 d5 10. Nxd5 Qxe4+ 11. Qe2 Qxe2+ 12. Kxe2 Nxd5 13. Bxd5 c6 14.
Be4 Bd6 15. h4 O-O 16. d3 Bg4+ 17. f3 Bh5 18. Be3 Rae8 19. Rh3 Kh8 20. Rg1 h6
21. Bd4 Re7 22. a4 c5 23. Be3 a5 24. Kd2 b6 25. c3 Ref7 26. Bg6 Rxf3 27. Rxf3
Bxf3 28. Rf1 Kg8 29. d4 h5 30. dxc5 bxc5 31. Bg5 c4 32. Re1 Bg4 33. Re8 Bd7 34.
Rxf8+ Kxf8 35. Bxh5 Bxa4 36. Ke3 Bc5+ 37. Ke4 Bc6+ 38. Ke5 a4 39. Be2 a3 40.
bxa3 Bxa3 41. Bxc4 Bb2 42. Kd6 Ba4 43. Bd2 Bd1 44. Bd5 Ba3+ 45. Kd7 Ba4+ 46.
Kc7 Be7 47. Bg5 Bf6 48. Bxf6 gxf6 49. Kd6 Bb5 50. Kc5 Be2 51. Bc4 Bg4 52. Bd3
Be6 53. Be4 Bb3 54. Kd4 Kg7 55. Bd5 Ba4 56. c4 Kh6 57. Bf3 Kg6 58. c5 Kf7 59.
Kd5 Ke7 60. Bg4 Bb5 61. Bf5 Kf7 62. Kd6 Kg7 63. Bd7 Ba6 64. c6 Kh6 65. c7 Kh5
66. Kc5 Kxh4 67. Kb6 1-0